Shaping 100 Great leaders (Record no. 3617)
[ view plain ]
| 000 -LEADER | |
|---|---|
| fixed length control field | 00208nam a22000857a 4500 |
| 008 - FIXED-LENGTH DATA ELEMENTS--GENERAL INFORMATION | |
| fixed length control field | 161026b xxu||||| |||| 00| 0 eng d |
| 100 ## - MAIN ENTRY--PERSONAL NAME | |
| 9 (RLIN) | 961 |
| Personal name | Mooney.A. |
| 245 ## - TITLE STATEMENT | |
| Title | Shaping 100 Great leaders |
| 260 ## - PUBLICATION, DISTRIBUTION, ETC. (IMPRINT) | |
| Place of publication, distribution, etc. | London |
| Date of publication, distribution, etc. | 2004 |
| Withdrawn status | Lost status | Source of classification or shelving scheme | Damaged status | Koha normalized classification for sorting | Not for loan | Home library | Current library | Shelving location | Date acquired | Total Checkouts | Full call number | Barcode | Date last seen | Date last checked out | Price effective from | Koha item type |
|---|---|---|---|---|---|---|---|---|---|---|---|---|---|---|---|---|
| Dewey Decimal Classification | MOO_900_000000000000000_D4 | Good Samaritan School Library | Good Samaritan School Library | History | 10/26/2016 | 1 | MOO900 D-4 | MOO11944 | 11/02/2016 | 10/26/2016 | 10/26/2016 | Reference |